| LEADER 00000nam 2200000uu 4500 |
| 001 13399110331 |
| 003 BCNR |
| 008 110208s2551||||th 000 0 tha d |
| 020 9789749457368
|
| 041 0 tha
|
| 060 04 WE725^bร622ก 2551
|
| 100 0 รุ้งทิพย์ พันธุเมธากุล
|
| 245 10 การตรวจประเมินทางกายภาพบำบัดบริเวณกระดูกสันหลัง =^bPhysical therapy assessment in the spine /^cรุ้งทิพย์ พันธุเมธากุล และ ยอดชาย บุญประกอบ
|
| 246 31 Physical therapy assessment in the spine
|
| 250 พิมพ์ครั้งที่ 2
|
| 260 ขอนแก่น :^bสายวิชากายภาพบำบัด คณะเทคนิคการแพทย์ มหาวิทยาลัยขอนแก่น,^c2551
|
| 300 0191 หน้า :^bภาพประกอบ ;^c26 ซม.
|
| 650 7 กระดูก^xโรค^xกายภาพบำบัด
|
| 650 7 กระดูกสันหลัง^xกายภาพบำบัด
|
| 650 7 กระดูกสันหลัง^xการฟื้นฟูสมรรถภาพ
|
| 650 7 กระดูกสันหลัง, โรค^xการรักษา
|
| 650 7 กายภาพบำบัด
|
| 650 7 การตรวจร่างกาย
|
| 700 0 ยอดชาย บุญประกอบ
|
| 710 2 มหาวิทยาลัยขอนแก่น. ^bคณะเทคนิคการแพทย์.^bสายวิชากายภาพบำบัด
|
| 999 ^aบรรณารักษ์
|